Catálogo
 En Linea

Jesús María de las Casas, 1854-1926 : (Registro nro. 1994)

Detalles MARC
000 -CABECERA
campo de control de longitud fija 00684cam a2200181 a 4500
001 - NÚMERO DE CONTROL
campo de control 000002143
005 - FECHA Y HORA DE LA ÚLTIMA TRANSACCIÓN
campo de control 20200929145840.0
008 - DATOS DE LONGITUD FIJA--INFORMACIÓN GENERAL
campo de control de longitud fija 790313s1967 ve a 001 0bspa
040 ## - FUENTE DE LA CATALOGACIÓN
Centro catalogador/agencia de origen DO-SdBNP
Lengua de catalogación spa
Centro/agencia transcriptor BNPHU
082 ## - NÚMERO DE LA CLASIFICACIÓN DECIMAL DEWEY
Número de clasificación 759.987
Número de documento/Ítem C335j
245 00 - MENCIÓN DE TÍTULO
Título Jesús María de las Casas, 1854-1926 :
Resto del título exposición de óleos y acuarelas: Sala de Exposiciones de la Fundacón Eugenio Mendoza.
260 ## - PUBLICACIÓN, DISTRIBUCIÓN, ETC.
Lugar de publicación, distribución, etc. Caracas :
Nombre del editor, distribuidor, etc. Comisión Cuatricentenario de Caracas,
Fecha de publicación, distribución, etc. [1967].
300 ## - DESCRIPCIÓN FÍSICA
Extensión 35, [54] p. :
Otras características físicas il. ;
Dimensiones 22 cm.
600 00 - PUNTO DE ACCESO ADICIONAL DE MATERIA--NOMBRE DE PERSONA
Nombre de persona CASAS, JESÚS MARÍA DE LAS
Fechas asociadas al nombre 1854-1926.
9 (RLIN) 6859
650 #4 - PUNTO DE ACCESO ADICIONAL DE MATERIA--TÉRMINO DE MATERIA
Término de materia o nombre geográfico como elemento de entrada Pintura
Subdivisión general Venezolana
9 (RLIN) 6860
650 #4 - PUNTO DE ACCESO ADICIONAL DE MATERIA--TÉRMINO DE MATERIA
Término de materia o nombre geográfico como elemento de entrada Pintura al óleo
9 (RLIN) 6861
710 2# - PUNTO DE ACCESO ADICIONAL--NOMBRE DE ENTIDAD CORPORATIVA
Nombre de entidad corporativa o nombre de jurisdicción como elemento de entrada Fundación Eugenio Mendoza.
9 (RLIN) 6862
Existencias
Estado de retiro Estado de pérdida Restricciones de uso No para préstamo Código de colección Localización permanente Ubicación/localización actual Ubicación en estantería Fecha de adquisición Número de inventario Total de préstamos Signatura topográfica completa Código de barras Fecha visto por última vez Precio válido a partir de Tipo de ítem Koha Número de copia
    Préstamo interno   Monografías: Libros y Folletos General General Depósito 06.07.2009 LF1   759.987 C335j 2143-10 25.06.2020 25.06.2020 Préstamo interno  
    Préstamo restringido Préstamo restrigido Monografías: Libros y Folletos General General Depósito 06.07.2009 LF1   759.987 C335j 2143-20 25.06.2020 25.06.2020 Préstamo interno e.2

Con tecnología Koha